000 00329nam a22001217a 4500
008 160613b xxu||||| |||| 00| 0 eng d
020 _a9780781743549
020 _a 0781743540
041 _aeng
080 _a618.2
245 _aNursing diagnossis application to clinical practice:
_cLynda Juall carpenito Moyet:
942 _2udc
_cBK
999 _c2475
_d2475